[Event "Druzynowe Mistrzostwa Polski Juniorow - Ekstraliga"]
[Site "Sypniewo k. Jastrowia"]
[Date "2024-06-17"]
[Round "1.1"]
[White "Chyzy, Jakub"]
[Black "Rog, Bartlomiej"]
[Result "1/2-1/2"]
[WhiteTitle "FM"]
[BlackTitle "k"]
[WhiteElo "2335"]
[BlackElo "2179"]

1. e4 2. c6 3. d4 4. d5 5. e5 6. c5 7. dxc5 8. e6 9. Nf3 10. Bxc5 11. Bd3 12. Ne7
13. O-O 14. Ng6 15. a3 16. O-O 17. b4 18. Be7 19. Nbd2 20. a5 21. bxa5 22. Nc6
23. Re1 24. Qc7 25. Bb2 26. Nxa5 27. Nd4 28. Bd7 29. Qh5 30. Nc4 31. Nxc4 32.
dxc4 33. Bf1 34. Ra5 35. Nf3 36. c3 37. Bc1 38. Bc6 39. Nd4 40. Nxe5 41. Bf4 42.
Bd6 43. Nb5 44. Nf3+ 45. Qxf3 46. Rxb5 47. Bxd6 48. Qxd6 49. Qxc3 50. Rd5 51.
Qb4 52. Rd8 53. Bd3 54. Rd4 55. Qxd6 56. R8xd6 57. Rab1 58. Ra4 59. Bb5 60. Rxa3
61. Bxc6 1/2-1/2

[Event "Druzynowe Mistrzostwa Polski Juniorow - Ekstraliga"]
[Site "Sypniewo k. Jastrowia"]
[Date "2024-06-17"]
[Round "1.2"]
[White "Jablonski, Wojciech"]
[Black "Krawczyk, Flawian"]
[Result "0-1"]
[WhiteTitle "I"]
[BlackTitle "CM"]
[WhiteElo "1960"]
[BlackElo "2311"]

1. d4 2. Nf6 3. c4 4. e6 5. g3 6. d5 7. Nf3 8. Bb4+ 9. Bd2 10. Be7 11. Bg2 12.
O-O 13. O-O 14. c6 15. Qc2 16. Nbd7 17. Bf4 18. Ne4 19. Nc3 20. g5 21. Bc1 22.
f5 23. b3 24. a5 25. Bb2 26. Bf6 27. Rad1 28. Qe7 29. Ne1 30. Nxc3 31. Bxc3 32.
b5 33. Nd3 34. bxc4 35. bxc4 36. Ba6 37. Nb2 38. a4 39. c5 40. a3 41. Nd3 42.
Qg7 43. Nb4 44. Bb5 45. Rd2 46. Nxc5 47. Ba1 48. Ne4 49. Bxe4 50. fxe4 51. Rc1
52. Rfc8 53. Qd1 54. Ba4 55. Qe1 56. Bd8 57. Bc3 58. Ba5 59. e3 60. Qf8 61. Re2
62. Bb5 63. Rec2 64. Bd8 65. Rd2 66. Bc4 67. Ra1 68. Rab8 69. Nc2 70. Rb5 71.
Rdd1 72. Rcb8 73. Rdc1 74. Rb2 0-1

[Event "Druzynowe Mistrzostwa Polski Juniorow - Ekstraliga"]
[Site "Sypniewo k. Jastrowia"]
[Date "2024-06-17"]
[Round "1.3"]
[White "Sowinski, Pawel"]
[Black "Rozanski, Mateusz"]
[Result "1/2-1/2"]
[WhiteTitle "FM"]
[BlackTitle "I+"]
[WhiteElo "2428"]
[BlackElo "2024"]

1. Nf3 2. d5 3. g3 4. Nf6 5. Bg2 6. c5 7. O-O 8. Nc6 9. d4 10. e6 11. c4 12. Be7
13. cxd5 14. exd5 15. dxc5 16. Bxc5 17. a3 18. a5 19. Bg5 20. Be6 21. Nbd2 22.
Be7 23. Nb3 24. O-O 25. Nbd4 26. h6 27. Bf4 28. Rc8 29. Qb3 30. Qd7 31. Rac1 32.
Nxd4 33. Nxd4 34. Bc5 35. Be3 36. b6 37. Qd3 38. Rfe8 39. Nxe6 40. Qxe6 41. Bxc5
42. bxc5 43. e3 44. Qb6 45. Qc3 46. Ne4 47. Qc2 48. Nf6 49. Rfd1 50. Red8 51.
Rd2 52. Qe6 53. Qd1 54. Qe5 55. Rcc2 56. Ne4 57. Rd3 58. f5 59. Qe1 60. Ra8 61.
Qe2 62. Rab8 63. Rd1 64. Kh8 65. Rdc1 66. c4 67. Bxe4 68. fxe4 69. Rd1 70. Rd6
71. Qd2 72. Qf6 73. Qd4 74. Qxd4 75. Rxd4 76. Rb3 77. Rcxc4 78. dxc4 79. Rxd6
80. Rxb2 81. Rc6 82. Rb1+ 83. Kg2 84. Rc1 85. Ra6 86. c3 87. Rxa5 88. Ra1 89.
Rc5 90. Rxa3 91. Rc4 92. Kg8 93. Rxe4 94. c2 95. Rc4 96. Ra2 97. Rc7 98. Kh7 99.
g4 100. Kg6 101. Kg3 102. Kf6 103. f4 104. Ke6 105. h4 106. Kd6 107. Rc8 108.
g6 109. Kf3 110. Kd5 111. g5 112. hxg5 113. hxg5 114. Rb2 115. Rc7 116. Kd6 117.
Rc8 118. Kd5 119. Rc3 120. Ra2 121. Rc8 122. Rb2 123. f5 124. gxf5 125. g6 126.
Rb6 127. Rxc2 128. Rxg6 129. Kf4 130. Ke6 131. Rc6+ 132. Kf7 133. Rxg6 134. Kxg6
135. e4 136. fxe4 137. Kxe4 1/2-1/2

[Event "Druzynowe Mistrzostwa Polski Juniorow - Ekstraliga"]
[Site "Sypniewo k. Jastrowia"]
[Date "2024-06-17"]
[Round "1.4"]
[White "Lewek, Jakub"]
[Black "Golis, Wiktor"]
[Result "0-1"]
[WhiteTitle "I"]
[BlackTitle "I++"]
[WhiteElo "1521"]
[BlackElo "2228"]

1. e4 2. c5 3. Nf3 4. d6 5. Bb5+ 6. Nd7 7. c4 8. Nf6 9. Nc3 10. a6 11. Ba4 12.
g6 13. O-O 14. Bg7 15. d3 16. O-O 17. h3 18. Rb8 19. a3 20. Ne8 21. Bd2 22. Nc7
23. Rb1 24. b5 25. Bb3 26. Nb6 27. Nd5 28. Ncxd5 29. exd5 30. Bf5 31. Ba5 32.
Qc8 33. g4 34. bxc4 35. dxc4 36. Bxb1 37. Qxb1 38. e5 39. Ng5 40. Qd7 41. Bd2
42. Nxd5 43. Bc2 44. Nf4 45. Kh2 46. d5 47. Rd1 48. Qb7 49. b3 50. dxc4 51. Be4
52. Qxb3 53. Qa1 54. Qb2 55. Nf3 56. c3 57. Qxb2 58. cxb2 59. Rb1 60. Rb3 61.
a4 62. Rfb8 63. Be1 64. f5 65. gxf5 66. gxf5 67. Bc6 68. Rc8 69. Bd7 70. Rc7 71.
Bxf5 72. Rxf3 73. Bg4 74. Rb3 75. Ba5 76. Re7 77. Bd8 78. Re8 79. Bc7 80. c4 0-1

[Event "Druzynowe Mistrzostwa Polski Juniorow - Ekstraliga"]
[Site "Sypniewo k. Jastrowia"]
[Date "2024-06-17"]
[Round "1.5"]
[White "Pawicka, Magdalena"]
[Black "Siekanska, Maria"]
[Result "0-1"]
[WhiteTitle "k+"]
[BlackTitle "WFM"]
[WhiteElo "1985"]
[BlackElo "2204"]

1. e4 2. c5 3. Nf3 4. e6 5. d4 6. cxd4 7. Nxd4 8. a6 9. Nc3 10. b5 11. Bd3 12.
Bb7 13. a4 14. b4 15. Na2 16. Nc6 17. Nxc6 18. Bxc6 19. c3 20. a5 21. O-O 22.
Qb8 23. cxb4 24. axb4 25. b3 26. Bd6 27. h3 28. Be5 29. Rb1 30. Nf6 31. Qe1 32.
Qb7 33. Qxb4 34. Nxe4 35. Qxb7 36. Bxb7 37. Bb2 38. Bf4 39. g3 40. Bh6 41. Bc1
42. Bxc1 43. Rfxc1 44. Ng5 45. f4 46. Nxh3+ 47. Kf1 48. g5 49. f5 50. g4 51. Nc3
52. h5 53. b4 54. h4 55. gxh4 56. Nf4 57. Be4 58. d5 59. Bc2 60. Rxh4 61. Nb5
62. g3 63. Ke1 64. Ke7 65. Kd2 66. Rh2+ 67. Ke3 68. e5 69. Bd1 70. d4+ 71. Nxd4
72. Nd5+ 73. Kd3 74. exd4 75. Kxd4 76. Rd2+ 77. Kc5 78. Rc8+ 79. Kb5 80. Nc3+
0-1

[Event "Druzynowe Mistrzostwa Polski Juniorow - Ekstraliga"]
[Site "Sypniewo k. Jastrowia"]
[Date "2024-06-17"]
[Round "1.6"]
[White "Mataczyna, Aleksandra"]
[Black "Ejsymont, Blanka"]
[Result "1/2-1/2"]
[WhiteTitle "I"]
[BlackTitle "WCM"]
[WhiteElo "1723"]
[BlackElo "1772"]

1. e4 2. c6 3. Nf3 4. d5 5. Nc3 6. dxe4 7. Nxe4 8. Nf6 9. Nxf6+ 10. exf6 11. d4
12. Bd6 13. Bd3 14. O-O 15. O-O 16. Bg4 17. b3 18. Re8 19. Bb2 20. Nd7 21. c4
22. Nf8 23. Bc2 24. Rc8 25. Qd3 26. Bb8 27. Ba3 28. Ng6 29. Rfe1 30. Qc7 31. g3
32. f5 33. Qc3 34. Rcd8 35. Bb2 36. f6 37. Re3 38. Rxe3 39. Qxe3 40. f4 41. Qe4
42. Qd7 43. Re1 44. f5 45. Qd3 46. fxg3 47. fxg3 48. f4 49. Nh4 50. fxg3 51. hxg3
52. Qd6 53. Nxg6 54. hxg6 55. Re3 56. Bf5 57. Qe2 58. Rf8 59. Kg2 60. Kh7 61.
Qd2 62. Qf6 63. Ba3 64. Rf7 65. Kg1 66. Qg5 67. Qh2+ 68. Qh6 69. Qxh6+ 70. Kxh6
71. Bc1 72. Kh7 73. Rf3 74. Kg8 75. Bxf5 76. gxf5 77. Kf2 78. g6 79. Bf4 80. Bxf4
81. gxf4 82. Rd7 83. Rd3 84. Kf7 85. Ke2 86. Ke6 87. Kd2 88. Rh7 89. Re3+ 90.
Kf6 91. Kd3 92. Rd7 93. Re8 94. Kf7 95. Re5 96. Kf6 97. d5 98. cxd5 99. cxd5 100.
g5 101. Re6+ 102. Kf7 103. Re5 104. Kf6 1/2-1/2

[Event "Druzynowe Mistrzostwa Polski Juniorow - Ekstraliga"]
[Site "Sypniewo k. Jastrowia"]
[Date "2024-06-17"]
[Round "1.7"]
[White "Raczek, Krzysztof"]
[Black "Fiszer, Bartosz"]
[Result "1/2-1/2"]
[WhiteTitle "FM"]
[BlackTitle "CM"]
[WhiteElo "2342"]
[BlackElo "2275"]

1. e4 2. e6 3. Qe2 4. c5 5. Nf3 6. Nc6 7. g3 8. g6 9. Bg2 10. Bg7 11. O-O 12. Nge7
13. c3 14. O-O 15. d3 16. b6 17. Na3 18. Ba6 19. Nc2 20. d5 21. e5 22. d4 23.
cxd4 24. cxd4 25. Bd2 26. Rc8 27. Rac1 28. Qd7 29. g4 30. Rfe8 31. Rfe1 32. Rc7
33. h4 34. Rec8 35. Na3 36. Nd5 37. Nc2 38. Nde7 39. Na3 40. Nd5 41. Nc2 42. Nde7
43. Na3 44. Nd5 1/2-1/2

[Event "Druzynowe Mistrzostwa Polski Juniorow - Ekstraliga"]
[Site "Sypniewo k. Jastrowia"]
[Date "2024-06-17"]
[Round "1.8"]
[White "Bartodziej, Bartosz"]
[Black "Warchol, Kamil"]
[Result "0-1"]
[WhiteTitle "I++"]
[BlackTitle "FM"]
[WhiteElo "2015"]
[BlackElo "2164"]

1. e4 2. c5 3. Nf3 4. d6 5. d4 6. cxd4 7. Nxd4 8. Nf6 9. Nc3 10. Nc6 11. Bg5 12.
Bd7 13. Qd2 14. h6 15. Bxf6 16. gxf6 17. O-O-O 18. Nxd4 19. Qxd4 20. Qa5 21. f4
22. Rc8 23. Kb1 24. Qc5 25. Qd3 26. f5 27. e5 28. Bg7 29. Be2 30. O-O 31. Bf3
32. Rfd8 33. Rhe1 34. Be6 35. Ne2 36. dxe5 37. Qxd8+ 38. Rxd8 39. Rxd8+ 40. Kh7
41. Nc1 42. e4 43. Bh5 44. Qb6 0-1

[Event "Druzynowe Mistrzostwa Polski Juniorow - Ekstraliga"]
[Site "Sypniewo k. Jastrowia"]
[Date "2024-06-17"]
[Round "1.9"]
[White "Radzimski, Antoni"]
[Black "Niezhentsev, Kyrylo"]
[Result "0-1"]
[WhiteTitle "k"]
[BlackTitle "I++"]
[WhiteElo "2224"]
[BlackElo "2140"]

1. d4 2. Nf6 3. c4 4. e6 5. Nc3 6. Bb4 7. e3 8. O-O 9. Bd3 10. b6 11. e4 12. d6
13. Bg5 14. e5 15. Ne2 16. h6 17. Bh4 18. Nc6 19. O-O 20. Bxc3 21. bxc3 22. g5
23. Bg3 24. Qe7 25. f3 26. Ba6 27. c5 28. Bxd3 29. cxd6 30. cxd6 31. Qxd3 32.
Rac8 33. Rfd1 34. Na5 35. Bf2 36. Ne8 37. dxe5 38. dxe5 39. Qd7 40. Rc7 41. Qxe7
42. Rxe7 43. Ng3 44. Ng7 45. Rd6 46. f6 47. Rad1 48. Kf7 49. Nf1 50. Rc8 51. Ne3
52. Nc4 53. Nxc4 54. Rxc4 55. R1d3 56. Ra4 57. Rd2 58. Ra3 59. Rc6 60. Ne6 61.
g3 62. h5 63. h3 64. g4 65. fxg4 66. Ng5 67. Kg2 68. hxg4 69. hxg4 70. Nxe4 71.
Rc2 72. Rd7 73. c4 74. Rdd3 75. Kh2 76. Kg6 77. Rc7 78. Rd2 79. Rxd2 80. Nxd2
81. Kh3 82. Rxa2 83. c5 84. bxc5 85. Bxc5 86. Nf3 87. g5 88. Nxg5+ 0-1

[Event "Druzynowe Mistrzostwa Polski Juniorow - Ekstraliga"]
[Site "Sypniewo k. Jastrowia"]
[Date "2024-06-17"]
[Round "1.10"]
[White "Klim, Juliusz"]
[Black "Lecki, Leonard"]
[Result "1/2-1/2"]
[WhiteTitle "I++"]
[BlackTitle "k"]
[WhiteElo "1882"]
[BlackElo "2010"]

1. e4 2. e6 3. d4 4. d5 5. Nd2 6. c5 7. exd5 8. Qxd5 9. Ngf3 10. cxd4 11. Bc4 12.
Qd7 13. O-O 14. Nc6 15. Nb3 16. Nf6 17. Nbxd4 18. Nxd4 19. Nxd4 20. a6 21. Re1
22. Bc5 23. Be3 24. Qc7 25. Bb3 26. O-O 27. c3 28. b6 29. Qf3 30. Bb7 31. Bf4
32. Bxf3 33. Bxc7 34. Bxd4 35. cxd4 36. Bd5 37. Bxb6 38. Bxb3 39. axb3 40. Rfb8
41. Bc5 42. Rxb3 43. Ra2 44. Nd5 45. Rea1 46. g5 47. h3 48. Kg7 49. g3 50. h5
51. Rxa6 52. Rxa6 53. Rxa6 54. Rxb2 55. Ra3 56. g4 57. hxg4 58. hxg4 59. f3 60.
gxf3 61. Rxf3 62. Kg6 63. Rf2 64. Rb3 65. Kg2 66. Ne3+ 67. Kh3 68. Nf5 69. Kh2
70. Kh5 71. d5 72. Rd3 73. dxe6 74. fxe6 75. Re2 76. Rd5 77. Bf2 78. e5 79. Kg2
80. Kg5 1/2-1/2

[Event "Druzynowe Mistrzostwa Polski Juniorow - Ekstraliga"]
[Site "Sypniewo k. Jastrowia"]
[Date "2024-06-17"]
[Round "1.11"]
[White "Gaszka, Zuzanna"]
[Black "Sprzeczka, Emilia"]
[Result "0-1"]
[WhiteTitle "k"]
[BlackTitle "k+"]
[WhiteElo "1901"]
[BlackElo "2017"]

1. e4 2. c6 3. d4 4. d5 5. Nc3 6. dxe4 7. Nxe4 8. Nd7 9. Ng5 10. h6 11. Ne6 12.
Qb6 13. Nxf8 14. Nxf8 15. c3 16. Bf5 17. Bd3 18. Bxd3 19. Qxd3 20. Ng6 21. Nf3
22. Nf6 23. O-O 24. Rd8 25. Qc2 26. O-O 27. Re1 28. c5 29. dxc5 30. Qxc5 31. Be3
32. Qh5 33. h3 34. Nd5 35. Qe4 36. e5 37. Rad1 38. Nf6 39. Qa4 40. e4 41. Nd4
42. Ne5 43. Rd2 44. Nd3 45. Red1 46. Nd5 47. Qb5 48. Qg6 49. Kh1 50. f5 51. Nc2
52. Nxe3 53. Nxe3 54. Kh7 55. Nd5 56. f4 57. Qxb7 58. Rf7 59. Qb3 60. f3 61. g3
62. Qh5 0-1

[Event "Druzynowe Mistrzostwa Polski Juniorow - Ekstraliga"]
[Site "Sypniewo k. Jastrowia"]
[Date "2024-06-17"]
[Round "1.12"]
[White "Izafatava, Kira"]
[Black "Figa, Karolina"]
[Result "1-0"]
[WhiteTitle "I++"]
[BlackTitle "I++"]
[WhiteElo "1761"]
[BlackElo "1760"]

1. e4 2. e5 3. Nf3 4. Nc6 5. Bc4 6. Nf6 7. d4 8. exd4 9. e5 10. d5 11. Bb5 12.
Nd7 13. O-O 14. Be7 15. Bxc6 16. bxc6 17. Nxd4 18. Nxe5 19. Bf4 20. c5 21. Bxe5
22. cxd4 23. Bxg7 24. Rg8 25. Be5 26. Bd6 27. Re1 28. Kf8 29. Qxd4 30. Qg5 31.
Bxd6+ 32. cxd6 33. g3 34. Bh3 35. Nc3 36. Be6 37. Rad1 38. Bg4 39. Qxd5 40. Bxd1
41. Qxa8+ 42. Kg7 43. Qxa7 44. Bf3 45. Qd4+ 46. f6 47. Qxd6 48. Qh6 49. Nd5 50.
Rf8 51. Nf4 52. Kh8 53. c4 54. Rc8 55. c5 56. Qg5 57. b4 1-0

[Event "Druzynowe Mistrzostwa Polski Juniorow - Ekstraliga"]
[Site "Sypniewo k. Jastrowia"]
[Date "2024-06-17"]
[Round "1.13"]
[White "Ugorek, Kacper"]
[Black "Demski, Michal"]
[Result "1-0"]
[WhiteTitle "k"]
[BlackTitle "k"]
[WhiteElo "2185"]
[BlackElo "2176"]

1. d4 2. Nf6 3. c4 4. c5 5. d5 6. e6 7. Nc3 8. exd5 9. cxd5 10. d6 11. e4 12. g6
13. h3 14. Bg7 15. Nf3 16. O-O 17. Bd3 18. b5 19. Bxb5 20. Nxe4 21. Nxe4 22. Qa5+
23. Nfd2 24. Qxb5 25. Nxd6 26. Qa6 27. N2c4 28. Nd7 29. O-O 30. Ne5 31. Nxc8 32.
Raxc8 33. Nxe5 34. Bxe5 35. Re1 36. Rfe8 37. Bg5 38. Bxb2 39. Rxe8+ 40. Rxe8 41.
d6 42. Bxa1 43. d7 44. Rb8 45. d8=Q+ 46. Rxd8 47. Qxd8+ 48. Kg7 49. Be7 50. g5
51. Bxc5 52. Qf6 53. Qf8+ 54. Kg6 55. Qg8+ 56. Qg7 57. Qxg7+ 58. Kxg7 59. Bxa7
60. Kf6 61. g4 62. Ke6 63. Be3 64. Bf6 65. Kg2 66. Bd8 67. Kf3 68. f5 69. Bd2
70. Bb6 71. Bxg5 72. fxg4+ 73. hxg4 74. Ba5 75. Ke4 76. Kf7 77. Kf5 78. Bb4 79.
a4 80. Ba5 81. Bf6 82. h6 83. f3 84. Bd2 85. Bd8 86. Ke8 87. Bc7 88. Kd7 89. Bf4
1-0

[Event "Druzynowe Mistrzostwa Polski Juniorow - Ekstraliga"]
[Site "Sypniewo k. Jastrowia"]
[Date "2024-06-17"]
[Round "1.14"]
[White "Madej, Marek"]
[Black "Jedraszek, Pawel"]
[Result "1-0"]
[WhiteTitle "I++"]
[BlackTitle "k"]
[WhiteElo "2152"]
[BlackElo "2155"]

1. e4 2. c5 3. Nf3 4. e6 5. d4 6. cxd4 7. Nxd4 8. Nc6 9. Nc3 10. Qc7 11. Be3 12.
a6 13. Nxc6 14. Qxc6 15. Be2 16. b5 17. a3 18. Bb7 19. O-O 20. Rc8 21. Qd3 22.
Qd6 23. Qxd6 24. Bxd6 25. Rfd1 26. Be5 27. Bd4 28. Bxd4 29. Rxd4 30. Ne7 31. Rad1
32. d5 33. exd5 34. Nxd5 35. Bf3 36. O-O 37. Nxd5 38. exd5 39. c3 40. Rfe8 41.
Bxd5 42. Bxd5 43. Rxd5 44. g6 45. Kf1 46. Re6 47. Rd6 48. Rce8 49. Rxe6 50. Rxe6
51. Re1 52. Rd6 53. Ke2 54. Kg7 55. Rd1 56. Re6+ 57. Kd3 58. Kf6 59. Rd2 60. Rc6
61. Kc2 62. Ke7 63. Kb3 64. h5 65. a4 66. Rc5 67. axb5 68. axb5 69. Kb4 70. Re5
71. b3 72. g5 73. c4 74. bxc4 75. bxc4 76. Re1 77. Kb5 78. f5 79. c5 80. h4 81.
c6 82. g4 83. g3 84. h3 85. Rd4 86. Rc1 87. Rc4 88. Rb1+ 89. Rb4 90. Rc1 91. Kb6
92. Kd6 93. Rd4+ 94. Ke5 95. Rd2 96. Ke6 97. c7 98. Rb1+ 99. Kc6 100. Rc1+ 101.
Kb7 102. Rb1+ 103. Kc8 104. Ke7 105. Rd7+ 106. Ke8 107. Rd5 108. Ke7 109. Rxf5
110. Rb2 111. Rf4 112. Ke6 113. Re4+ 114. Kd5 115. Rxg4 116. Rxf2 117. Rf4 118.
Rd2 119. Rh4 120. Rf2 121. Rxh3 122. Kd6 123. Rh6+ 124. Ke7 125. Kb7 126. Rb2+
127. Rb6 1-0

[Event "Druzynowe Mistrzostwa Polski Juniorow - Ekstraliga"]
[Site "Sypniewo k. Jastrowia"]
[Date "2024-06-17"]
[Round "1.15"]
[White "Goralski, Mateusz"]
[Black "Perucki, Maciej"]
[Result "1/2-1/2"]
[WhiteTitle "II"]
[BlackTitle "I"]
[WhiteElo "1690"]
[BlackElo "1878"]

1. d4 2. d5 3. c4 4. e6 5. Nf3 6. Nf6 7. g3 8. c5 9. cxd5 10. Nxd5 11. Bg2 12.
Nc6 13. O-O 14. Be7 15. a3 16. cxd4 17. Nxd4 18. Nxd4 19. Qxd4 20. Bf6 21. Qd3
22. O-O 23. Rd1 24. Qb6 25. Bxd5 26. exd5 27. Nc3 28. Be6 29. Be3 30. Qxb2 31.
Na4 32. Qxa1 33. Rxa1 34. Bxa1 35. Nc5 36. b6 37. Nb3 38. Bf6 39. Nd4 40. Bxd4
41. Bxd4 42. Rac8 43. Qe3 44. Bh3 45. Bxg7 46. Kxg7 47. Qg5+ 48. Kh8 49. Qf6+
50. Kg8 51. Qg5+ 52. Kh8 53. Qf6+ 54. Kg8 55. Qg5+ 56. Kh8 1/2-1/2

[Event "Druzynowe Mistrzostwa Polski Juniorow - Ekstraliga"]
[Site "Sypniewo k. Jastrowia"]
[Date "2024-06-17"]
[Round "1.16"]
[White "Ochedzan, Filip"]
[Black "Gora, Antoni"]
[Result "1-0"]
[WhiteTitle "I"]
[BlackTitle "II"]
[WhiteElo "1899"]
[BlackElo "1733"]

1. e4 2. c5 3. Nf3 4. e6 5. d4 6. cxd4 7. Nxd4 8. Nf6 9. Nc3 10. Bb4 11. e5 12.
Ne4 13. Qg4 14. Nxc3 15. Qxg7 16. Rf8 17. a3 18. Nb5+ 19. axb4 20. Nxd4 21. Bg5
22. Qb6 23. Bh6 24. Qxb4+ 25. c3 26. Nf5 27. cxb4 28. Nxg7 29. Bxg7 30. Rg8 31.
Bf6 32. Nc6 33. b5 34. Nb4 35. Ra4 36. Rg4 37. Kd2 38. Rf4 39. f3 40. Nd5 41.
Rxf4 42. Nxf4 43. Bg5 44. Ng6 45. f4 46. b6 47. h4 48. Bb7 49. h5 50. Ne7 51.
Bd3 52. Nf5 53. Rg1 54. h6 55. Bxf5 56. hxg5 57. Bd3 58. gxf4 59. Rf1 60. Ke7
61. Rxf4 62. Bxg2 63. h6 64. Rh8 65. h7 66. Bh3 67. Ke3 68. Bf5 69. Bxf5 70. exf5
71. Rh4 72. f6 73. Kf4 74. Kf7 75. Kxf5 76. fxe5 77. Kxe5 78. Ke7 79. Kd5 80.
d6 81. Kc6 82. Ke6 83. Kb7 84. d5 85. Kxa7 86. Ke5 87. Kxb6 88. d4 89. Ka7 90.
d3 91. Rh2 92. Kd5 93. b6 94. Kc6 95. b7 96. Kc7 97. b8=Q+ 98. Rxb8 99. h8=Q 100.
Rxh8 101. Rxh8 102. d2 103. Rh1 1-0

[Event "Druzynowe Mistrzostwa Polski Juniorow - Ekstraliga"]
[Site "Sypniewo k. Jastrowia"]
[Date "2024-06-17"]
[Round "1.17"]
[White "Uliasz, Katarzyna"]
[Black "Starosta, Martyna"]
[Result "0-1"]
[WhiteTitle "I++"]
[BlackTitle "WFM"]
[WhiteElo "1762"]
[BlackElo "2268"]

1. e4 2. e5 3. Nf3 4. Nc6 5. Bb5 6. a6 7. Ba4 8. d6 9. O-O 10. Bd7 11. c3 12. g6
13. d4 14. Bg7 15. h3 16. Nge7 17. dxe5 18. dxe5 19. Be3 20. b6 21. Qd2 22. Be6
23. Bb3 24. Bxb3 25. axb3 26. a5 27. Na3 28. O-O 29. Qxd8 30. Raxd8 31. Rfd1 32.
f5 33. exf5 34. gxf5 35. Bg5 36. e4 37. Nh4 38. h6 39. Bf4 40. Ne5 41. Nb5 42.
c6 43. Nd4 44. Rd6 45. Kh2 46. c5 47. Nb5 48. Rxd1 49. Rxd1 50. Nd3 51. Bd6 52.
Bf6 53. Bxe7 54. Bxe7 55. Ng6 56. Re8 57. Nxe7+ 58. Rxe7 59. Rd2 60. f4 61. Nd6
62. Nc1 63. Nf5 64. Re6 65. Rd1 66. Nxb3 67. g3 68. e3 69. gxf4 70. e2 71. Re1
72. Nd2 73. Nh4 74. a4 75. Kg3 76. Nc4 77. f5 78. Re8 79. Nf3 80. Nxb2 81. Ra1
82. Rd8 83. Kf4 84. Rd1 85. Ra2 86. Nd3+ 87. Ke4 88. e1=Q+ 89. Nxe1 90. Nxe1 91.
Rxa4 92. Kf7 93. Ra7+ 94. Kf6 95. Rh7 96. b5 97. Rxh6+ 98. Kf7 99. Rh7+ 100. Kf6
101. Rb7 102. b4 103. cxb4 104. Rd4+ 105. Ke3 106. Nc2+ 107. Ke2 108. Nxb4 109.
Rc7 110. c4 111. Rc5 112. Nd5 113. h4 114. Kxf5 115. Rc8 116. Rxh4 117. Kd2 118.
Ke5 119. Rg8 120. Kd4 121. Rg1 122. c3+ 123. Kc2 124. Kc4 125. Rf1 126. Nb4+ 127.
Kc1 128. Kb3 129. f4 130. Nd3+ 131. Kb1 132. c2+ 133. Ka1 134. c1=Q+ 135. Rxc1
136. Nxc1 137. f5 138. Rh1 139. f6 140. Nd3# 0-1

[Event "Druzynowe Mistrzostwa Polski Juniorow - Ekstraliga"]
[Site "Sypniewo k. Jastrowia"]
[Date "2024-06-17"]
[Round "1.18"]
[White "Smietanska, Wiktoria"]
[Black "Skorupa, Antonina"]
[Result "1-0"]
[WhiteTitle "CM"]
[BlackTitle "I"]
[WhiteElo "2133"]
[BlackElo "1619"]

1. e4 2. d5 3. exd5 4. Qxd5 5. Nc3 6. Qd8 7. d4 8. Nf6 9. Nf3 10. c6 11. Bd3 12.
Bg4 13. Be3 14. e6 15. O-O 16. Be7 17. h3 18. Bh5 19. Be2 20. O-O 21. Ne5 22.
Bxe2 23. Qxe2 24. Nbd7 25. Rad1 26. Qa5 27. Nc4 28. Qc7 29. f4 30. c5 31. Ne5
32. cxd4 33. Bxd4 34. Bc5 35. Kh2 36. Bxd4 37. Rxd4 38. Rfd8 39. Rfd1 40. a6 41.
Qd2 42. h6 43. Nxd7 44. Nxd7 45. Rxd7 46. Rxd7 47. Qxd7 48. Qxf4+ 49. Kh1 50.
Qb4 51. Na4 52. b5 53. Nb6 54. Rf8 55. Qd4 56. Qa5 57. a3 58. e5 59. Qc5 60. f6
61. Nc4 1-0

[Event "Druzynowe Mistrzostwa Polski Juniorow - Ekstraliga"]
[Site "Sypniewo k. Jastrowia"]
[Date "2024-06-17"]
[Round "1.19"]
[White "Janeczko, Jakub"]
[Black "Cieslak, Patryk"]
[Result "0-1"]
[WhiteTitle "m"]
[BlackTitle "FM"]
[WhiteElo "2293"]
[BlackElo "2358"]

1. e4 2. c5 3. Nf3 4. d6 5. Bb5+ 6. Bd7 7. a4 8. Nc6 9. O-O 10. a6 11. Bxc6 12.
Bxc6 13. d4 14. cxd4 15. Qxd4 16. Nf6 17. Nc3 18. e6 19. Bg5 20. Be7 21. Rfd1
22. O-O 23. a5 24. Qc7 25. Qd3 26. b5 27. axb6 28. Qxb6 29. Nd4 30. Bb7 31. h3
32. Qc7 33. Nb3 34. Rac8 35. Na5 36. Ba8 37. Bf4 38. Rfd8 39. Ra4 40. Qb6 41.
Nc4 42. Qb7 43. b3 44. d5 45. Na5 46. Qb6 47. exd5 48. Nxd5 49. Nxd5 50. Rxd5
51. Qe2 52. Rxa5 53. Rxa5 54. Qxa5 55. Rd7 56. Bf8 57. c4 58. Qf5 0-1

[Event "Druzynowe Mistrzostwa Polski Juniorow - Ekstraliga"]
[Site "Sypniewo k. Jastrowia"]
[Date "2024-06-17"]
[Round "1.20"]
[White "Maslanka, Wojciech"]
[Black "Zdybel, Przemyslaw"]
[Result "1/2-1/2"]
[WhiteTitle "k"]
[BlackTitle "FM"]
[WhiteElo "2103"]
[BlackElo "2269"]

1. e4 2. e6 3. d4 4. d5 5. Nd2 6. c5 7. exd5 8. Qxd5 9. Ngf3 10. cxd4 11. Bc4 12.
Qd7 13. Nb3 14. Nc6 15. Nbxd4 16. a6 17. O-O 18. Nxd4 19. Qxd4 20. Qxd4 21. Nxd4
22. Bd7 23. Be2 24. O-O-O 25. Be3 26. Nf6 27. c4 28. e5 29. Nb3 30. Bd6 31. Rac1
32. Ba4 33. c5 34. Bc7 35. Bg5 36. Rd5 37. Bxf6 38. gxf6 39. Bf3 40. Bxb3 41.
axb3 42. Rd2 43. c6 44. b5 45. Ra1 46. Bb6 47. c7 48. Rd6 49. Rfd1 50. Rxd1+ 51.
Rxd1 52. Kxc7 53. Rc1+ 54. Kd7 55. Bb7 56. Rb8 57. Be4 58. h6 59. Kf1 60. b4 61.
Rc6 62. Ke7 63. Ke2 64. a5 65. Bd3 66. Bd8 67. Bc4 68. Kd7 69. Ra6 70. Bb6 71.
Bd5 72. Kd6 73. Be4 74. Kc5 75. g4 76. Rd8 77. f3 78. Rh8 79. Kd3 80. Rd8+ 81.
Ke2 82. Kb5 83. Ra8 84. Rxa8 85. Bxa8 86. Bd4 87. Bd5 88. Kc5 89. Bxf7 90. Bg1
91. h4 92. Kd4 93. h5 94. Be3 95. Kd1 96. Bg5 97. Kc2 98. Ke3 99. Bd5 100. Ke2
101. Be4 102. Be3 103. Bc6 104. Bd4 105. Bd5 106. Ke3 107. Bc6 108. Kf4 109. Bd5
110. Kg3 111. Bc6 112. Kf4 1/2-1/2

[Event "Druzynowe Mistrzostwa Polski Juniorow - Ekstraliga"]
[Site "Sypniewo k. Jastrowia"]
[Date "2024-06-17"]
[Round "1.21"]
[White "Suska, Szymon"]
[Black "Brzezina, Piotr"]
[Result "1/2-1/2"]
[WhiteTitle "I++"]
[BlackTitle "FM"]
[WhiteElo "2011"]
[BlackElo "2298"]

1. Nf3 Nf6 2. g3 c5 3. Bg2 Nc6 4. c4 d5 5. cxd5 Nxd5 6. O-O e5 7. d3 Be7 8. Nc3
Nc7 9. Be3 O-O 10. Rc1 Bd7 11. Qd2 Rc8 12. Rfd1 b6 13. b3 f6 14. Qb2 Nd4 15. Bxd4
cxd4 16. Nb1 Be6 17. Nfd2 Nd5 18. a3 Qd7 19. b4 Rxc1 20. Rxc1 Rc8 21. Nc4 Qb5
22. Rc2 Qa4 23. Rc1 Qc6 24. Rc2 Qd7 25. Rc1 Rc7 26. Ncd2 Qc8 27. Rxc7 Qxc7 28.
Nc4 Qc8 29. b5 Qc5 30. a4 Qb4 31. Qxb4 Bxb4 32. Bxd5 Bxd5 33. Nbd2 Bxd2 34. Nxd2
Kf7 35. e4 Be6 36. f4 g5 37. Kf2 g4 38. f5 Ba2 39. Ke1 Ke7 40. Kd1 Kd6 41. Kc2
Kc5 42. Kb2 Bf7 1/2-1/2